000 00434nam a2200157 a 4500
005 20140412111241.0
008 001116s19uu xx 00 eng d
020 _a0-88705-644-X
050 _aREF 611
_bFAB 1993
100 _aFabiny, Robert J.
245 _aThe Human body /
_cRobert J. Fabiny.
260 _aWilton, CT :
_bWishing Well Books,
_c1993.
300 _a16 p. ; col. ; ill.
650 _aHuman anatomy
999 _c102731
_d102731